<?xml version="1.0" encoding="UTF-8"?><marc:collection xmlns:marc="http://www.loc.gov/MARC21/slim">
  <marc:record>
    <marc:leader>00000cam  2200000zi 4500</marc:leader>
    <marc:controlfield tag="001">9.960881</marc:controlfield>
    <marc:controlfield tag="003">CaOODSP</marc:controlfield>
    <marc:controlfield tag="005">20260401145929</marc:controlfield>
    <marc:controlfield tag="006">m     o  d f      </marc:controlfield>
    <marc:controlfield tag="007">cr mn|||||||||</marc:controlfield>
    <marc:controlfield tag="008">260312t20262026quca    ob   f000 0 fre d</marc:controlfield>
    <marc:datafield tag="020" ind1=" " ind2=" ">
      <marc:subfield code="a">9780660989570</marc:subfield>
    </marc:datafield>
    <marc:datafield tag="040" ind1=" " ind2=" ">
      <marc:subfield code="a">CaOODSP</marc:subfield>
      <marc:subfield code="b">fre</marc:subfield>
      <marc:subfield code="e">rda</marc:subfield>
      <marc:subfield code="c">CaOODSP</marc:subfield>
    </marc:datafield>
    <marc:datafield tag="043" ind1=" " ind2=" ">
      <marc:subfield code="a">n-cn---</marc:subfield>
    </marc:datafield>
    <marc:datafield tag="045" ind1=" " ind2=" ">
      <marc:subfield code="a">y1y2</marc:subfield>
    </marc:datafield>
    <marc:datafield tag="086" ind1="1" ind2=" ">
      <marc:subfield code="a">En14-503/2-2026F-PDF</marc:subfield>
    </marc:datafield>
    <marc:datafield tag="245" ind1="0" ind2="0">
      <marc:subfield code="a">Rendement en matière d'émissions de gaz à effet de serre pour le parc de véhicules lourds et de leurs moteurs des années 2021 à 2023 (phase 2) relativement au Règlement sur les émissions de gaz à effet de serre des véhicules lourds et de leurs moteurs en vertu de la Loi canadienne sur la protection de l'environnement (1999).</marc:subfield>
    </marc:datafield>
    <marc:datafield tag="264" ind1=" " ind2="1">
      <marc:subfield code="a">Gatineau (Québec) : </marc:subfield>
      <marc:subfield code="b">Environnement et changement climatique Canada = Environment and Climate Change Canada, </marc:subfield>
      <marc:subfield code="c">[2026]</marc:subfield>
    </marc:datafield>
    <marc:datafield tag="264" ind1=" " ind2="4">
      <marc:subfield code="c">©2026</marc:subfield>
    </marc:datafield>
    <marc:datafield tag="300" ind1=" " ind2=" ">
      <marc:subfield code="a">1 ressource en ligne (iii, 16, 3 pages) : </marc:subfield>
      <marc:subfield code="b">illustrations</marc:subfield>
    </marc:datafield>
    <marc:datafield tag="336" ind1=" " ind2=" ">
      <marc:subfield code="a">texte</marc:subfield>
      <marc:subfield code="b">txt</marc:subfield>
      <marc:subfield code="2">rdacontent/fre</marc:subfield>
    </marc:datafield>
    <marc:datafield tag="337" ind1=" " ind2=" ">
      <marc:subfield code="a">informatique</marc:subfield>
      <marc:subfield code="b">c</marc:subfield>
      <marc:subfield code="2">rdamedia/fre</marc:subfield>
    </marc:datafield>
    <marc:datafield tag="338" ind1=" " ind2=" ">
      <marc:subfield code="a">ressource en ligne</marc:subfield>
      <marc:subfield code="b">cr</marc:subfield>
      <marc:subfield code="2">rdacarrier/fre</marc:subfield>
    </marc:datafield>
    <marc:datafield tag="500" ind1=" " ind2=" ">
      <marc:subfield code="a">Publié aussi en anglais sous le titre : Greenhouse gas emissions performance for 2021 to 2023 (Phase 2) heavy-duty vehicles and engines in relation to the Heavy-Duty Vehicle and Engine Greenhouse Gas Emission Regulations under the Canadian Environmental Protection Act, 1999.</marc:subfield>
    </marc:datafield>
    <marc:datafield tag="500" ind1=" " ind2=" ">
      <marc:subfield code="a">« EC25076 » -- Page [i].</marc:subfield>
    </marc:datafield>
    <marc:datafield tag="504" ind1=" " ind2=" ">
      <marc:subfield code="a">Comprend des références bibliographiques.</marc:subfield>
    </marc:datafield>
    <marc:datafield tag="520" ind1=" " ind2=" ">
      <marc:subfield code="a">« Le Règlement sur les émissions de gaz à effet de serre des véhicules lourds et de leurs moteurs (ci-après appelé « le Règlement ») établit, en vertu de la Loi canadienne sur la protection de l'environnement (1999), les normes en matière d'émissions de gaz à effet de serre pour les nouveaux véhicules routiers lourds et leurs moteurs des années de modèles 2014 et ultérieures mis en vente au Canada. Ce Règlement impose aux importateurs et aux fabricants de véhicules neufs de respecter les normes moyennes d'émissions de gaz à effet de serre du parc et établit des exigences annuelles de déclaration de conformité. Le Règlement a été modifié en 2018 pour introduire des normes d'émission de gaz à effet de serre plus strictes à compter de l'année modèle 2021 (phase 2) pour les véhicules lourds routiers et leurs moteurs. Le présent rapport résume le rendement moyen en matière d'émissions de gaz à effet de serre du parc de véhicules lourds des années de modèles 2021 à 2023 (phase 2) et de leurs moteurs selon les données de conformité soumises à Environnement et Changement climatique Canada au moyen des rapports de fin d'année modèle présentés en vertu du Règlement. Comme le parc de chaque fabricant est unique, les données présentées ici fournissent les valeurs combinées de trois catégories distinctes: classes 2B et 3 (véhicules non spécialisés), tracteurs routiers et véhicules spécialisés, et moteurs de véhicules lourds, et ce, pour chaque année modèle. Les données illustrent la valeur moyenne des émissions de CO₂ du parc, la norme moyenne pour chaque parc et le sommaire des points totale du parc. Il s'agit du deuxième rapport publié sous ce règlement. … » -- Sommaire, page 1.</marc:subfield>
    </marc:datafield>
    <marc:datafield tag="650" ind1=" " ind2="6">
      <marc:subfield code="a">Camions</marc:subfield>
      <marc:subfield code="x">Moteurs</marc:subfield>
      <marc:subfield code="x">Gaz d'échappement</marc:subfield>
      <marc:subfield code="z">Canada.</marc:subfield>
    </marc:datafield>
    <marc:datafield tag="650" ind1=" " ind2="6">
      <marc:subfield code="a">Gaz carbonique atmosphérique</marc:subfield>
      <marc:subfield code="z">Canada.</marc:subfield>
    </marc:datafield>
    <marc:datafield tag="650" ind1=" " ind2="6">
      <marc:subfield code="a">Gaz à effet de serre</marc:subfield>
      <marc:subfield code="z">Canada.</marc:subfield>
    </marc:datafield>
    <marc:datafield tag="710" ind1="1" ind2=" ">
      <marc:subfield code="a">Canada. </marc:subfield>
      <marc:subfield code="b">Environnement et changement climatique Canada, </marc:subfield>
      <marc:subfield code="e">organisme de publication.</marc:subfield>
    </marc:datafield>
    <marc:datafield tag="775" ind1="0" ind2="8">
      <marc:subfield code="t">Greenhouse gas emissions performance for 2021 to 2023 (Phase 2) heavy-duty vehicles and engines in relation to the Heavy-Duty Vehicle and Engine Greenhouse Gas Emission Regulations under the Canadian Environmental Protection Act, 1999.</marc:subfield>
      <marc:subfield code="w">(CaOODSP)9.960879</marc:subfield>
    </marc:datafield>
    <marc:datafield tag="795" ind1=" " ind2=" ">
      <marc:subfield code="t">Rendement en matière d'émissions de gaz à effet de serre pour le parc de véhicules lourds et de leurs moteurs des années 2014 à 2020 (phase 1), relativement au Règlement sur les émissions de gaz à effet de serre des véhicules lourds et de leurs moteurs en vertu de la Loi canadienne sur la protection de l'environnement (1999).</marc:subfield>
      <marc:subfield code="w">(CaOODSP)9.945230</marc:subfield>
    </marc:datafield>
    <marc:datafield tag="856" ind1="4" ind2="0">
      <marc:subfield code="q">PDF</marc:subfield>
      <marc:subfield code="s">678 Ko</marc:subfield>
      <marc:subfield code="u">https://publications.gc.ca/collections/collection_2026/eccc/En14-503-2-2026-fra.pdf</marc:subfield>
    </marc:datafield>
    <marc:datafield tag="856" ind1="4" ind2=" ">
      <marc:subfield code="q">HTML</marc:subfield>
      <marc:subfield code="s">S.O.</marc:subfield>
      <marc:subfield code="u">https://www.canada.ca/fr/environnement-changement-climatique/services/registre-environnemental-loi-canadienne-protection/publications/rendement-emissions-gaz-effet-serre-2021-2023.html</marc:subfield>
    </marc:datafield>
    <marc:datafield tag="986" ind1=" " ind2=" ">
      <marc:subfield code="a">EC25076</marc:subfield>
    </marc:datafield>
  </marc:record>
</marc:collection>
